| 000 | 00678nam a2200229 i 4500 | ||
|---|---|---|---|
| 001 | 110558 | ||
| 003 | ES-MaACL | ||
| 005 | 20250819000219.0 | ||
| 007 | t| | ||
| 008 | 070131s1952 fr ||||1| fre d | ||
| 080 | _a221.07 | ||
| 130 | 0 |
_aBiblia. _pA.T. _pLibros históricos. _lFrancés. _9119269 |
|
| 245 | 1 | 0 |
_aJudith ; Esther / _ctraduits par le R. P. Barucq. |
| 260 |
_aParis : _bLes Editions du Cerf, _c1952. |
||
| 300 |
_a132 p. ; _c20 cm. |
||
| 500 | _aBiblioteca Jacinto Martínez Lacalle. | ||
| 630 | 0 | 4 |
_aBiblia. _pA. T. _9119248 |
| 700 | 1 |
_aBarucq, André. _926208 |
|
| 740 | 0 | _aEster. | |
| 852 | 4 |
_aES-MaACL _jE-11553 _9R.139604 |
|
| 999 |
_c110558 _d110558 |
||